| Tag |
First Indicator |
Second Indicator |
Subfields |
| LEADER |
00000cam a2200000Ia 4500 |
| 001 |
in00001554613 |
| 005 |
20180822124630.0 |
| 008 |
721010r19001898dcubcf f000 0 eng |
| 010 |
|
|
|a 02013502
|
| 035 |
|
|
|a (OCoLC)ocm00425169
|
| 040 |
|
|
|a DLC
|b eng
|c WSU
|d OCL
|d SER
|d OCL
|d KSU
|d WRJ
|d OCLCG
|d ORE
|d CRU
|d LGG
|d KRTAS
|d OCLCQ
|d OCLCF
|d WIH
|d OCLCQ
|d NLC
|d OCLCQ
|d TYC
|d OCLCQ
|
| 019 |
|
|
|a 3289049
|a 184818214
|
| 035 |
|
|
|a (OCoLC)425169
|z (OCoLC)3289049
|z (OCoLC)184818214
|
| 043 |
|
|
|a n-us-la
|a n-us---
|
| 050 |
0 |
0 |
|a E333
|b .U572
|
| 082 |
0 |
|
|a 973
|
| 086 |
0 |
|
|a I 21.2:L 93/2
|
| 049 |
|
|
|a TXAM
|
| 100 |
1 |
|
|a Hermann, Binger,
|d 1843-1926.
|
| 245 |
1 |
4 |
|a The Louisiana Purchase and our title west of the Rocky Mountains, with A review of annexation by the United States /
|c by Binger Hermann, Commissioner of the General Land Office.
|
| 246 |
3 |
0 |
|a Review of annexation by the United States
|
| 260 |
|
|
|a Washington :
|b Government Printing Office,
|c 1900.
|
| 300 |
|
|
|a 87 pages, 12 leaves of plates :
|b 5 maps, 7 portraits ;
|c 27 cm
|
| 336 |
|
|
|a text
|b txt
|2 rdacontent
|
| 337 |
|
|
|a unmediated
|b n
|2 rdamedia
|
| 338 |
|
|
|a volume
|b nc
|2 rdacarrier
|
| 500 |
|
|
|a "Republished by joint resolution of Congress."
|
| 500 |
|
|
|a Originally published 1898.
|
| 500 |
|
|
|a Issued also as House doc. no. 708, 56th Cong, 1st sess.
|
| 500 |
|
|
|a Listed in: The Washington 89 / by George H. Tweney.
|
| 530 |
|
|
|a Also available on the World Wide Web.
|
| 650 |
|
0 |
|a Louisiana Purchase.
|
| 651 |
|
0 |
|a United States
|x Territorial expansion.
|
| 650 |
|
7 |
|a Louisiana Purchase.
|2 fast
|0 (OCoLC)fst01002754
|
| 650 |
|
7 |
|a Territorial expansion.
|2 fast
|0 (OCoLC)fst01355135
|
| 651 |
|
7 |
|a United States.
|2 fast
|0 (OCoLC)fst01204155
|
| 710 |
1 |
|
|a United States.
|b General Land Office.
|
| 776 |
0 |
8 |
|i Online version:
|a Hermann, Binger, 1843-1926.
|t Louisiana Purchase and our title west of the Rocky Mountains, with A review of annexation by the United States.
|d Washington : Government Printing Office, 1900
|w (OCoLC)238430237
|
| 948 |
|
|
|a cataloged
|b h
|c 2000/8/15
|d c
|e mzajicek
|f 4:03:01 pm
|
| 994 |
|
|
|a C0
|b TXA
|
| 948 |
|
|
|a cataloged
|b h
|c 2018/8/22
|d c
|e zprado
|f 12: 44:33 pm
|
| 999 |
f |
f |
|s 3cee4048-7247-3034-9939-961c4c5793b3
|i 2d54fc06-8160-3202-9286-4f6ce7c4c2c2
|t 0
|
| 952 |
f |
f |
|p normal
|a Texas A&M University
|b College Station
|c Sterling C. Evans Library
|d Evans: US Documents (Annex 5th floor)
|t 0
|e I 21.2:L 93/2
|h Superintendent of Documents classification
|i unmediated -- volume
|m A14842691090
|
| 952 |
f |
f |
|p noncirc
|a Texas A&M University
|b College Station
|c Cushing Memorial Library & Archives
|d Cushing: Kelsey Americana (Does not check out)
|t 0
|e E333 .U57 1900
|h Library of Congress classification
|i unmediated -- volume
|
| 998 |
f |
f |
|a I 21.2:L 93/2
|t 0
|l Evans: US Documents (Annex 5th floor)
|
| 998 |
f |
f |
|a E333 .U57 1900
|t 0
|l Cushing: Kelsey Americana (Does not check out)
|